000 01077nam a22003377a 4500
001 BR0600603
003 BR-BrBNA
005 20230928102050.0
007 ta
008 230509b bl.||||| |||| 00| 0 por d
040 _aBR-BrBNA
_bpor
_cBiblioteca Nacional de Agricultura
041 _a(Por)
072 _aL73
_b5120
_b4150
090 _ 5120 BR0600603
100 1 _aMartins, M.F.
110 1 _aUniversidade Federal de Minas Gerais, Belo Horizonte (Brasil). Escola de Veterinária
_0Tese (Mestre em Medicina Veterinária)
245 1 _aComparação entre os testes IDGA (p26)e ELISA indireto (rgp90)no diagnóstico da anemia infecciosa eqüina
260 3 _aBelo Horizonte, MG (Brasil):
_c2004.
300 _a59 p.
500 _aSummaries (Eng, Por); Bibliography p. 47-51; 16 illus.; 9 tables
650 _aEQÜINO
650 _aCAVALO
650 _aDOENÇA ANIMAL
650 _aANEMIA INFECCIOSA
650 _aDIAGNÓSTICO
650 _aVÍRUS
650 _aELISA
650 _aSORO-SANGUÍNEO
909 _a202309
_bLucia
_c55
_dLucia Elande
942 _cBK
999 _c68972
_d68972